000 00651nam a22001697a 4500
003 MACL
005 20160723153223.0
008 160723b xxu||||| |||| 00| 0 eng d
040 _cMACL
041 _aHindi
082 _a355 SHA
100 _aशर्मा, नरेन्‍द्र कुमार
_965116
245 _aभारत में पुलिस
_bदशा और दिशा
_cनरेन्‍द्र कुमार शर्मा
260 _aहरियाणा
_bमहेन्‍द्र बुक कम्‍पनी
_c2012
650 _aपुलिस प्रशासन
_965117
942 _2ddc
_cHIN
999 _c54809
_d54809